00306nam a2200109Ia 4500008004100000020001600041040002900057050002300086100002000109245003200129260003500161230104s9999||||xx |||||||||||||| ||und|| a007288256-5 cChuka University Library aHM 1206 bR36 2005 aRantanen, Terhi 4aThe media and globalization aSage PublicationbLondonc2005